| 000 | 00601nam a2200169 a 4500 | ||
|---|---|---|---|
| 008 | 090521s2003 ||||||||||||||||| || u | ||
| 020 | _a0330486292 | ||
| 050 | _aDT 1875 Kni | ||
| 100 | _aKnight, Ian | ||
| 245 | 1 | 4 |
_aThe national army museum book of the Zulu war _cIan Knight |
| 260 |
_aLondon _bPan Books _c2003 |
||
| 300 | _axxiii, 294p.: ill | ||
| 350 | _a0.00 | ||
| 650 | _aWAR | ||
| 650 | _aZULU WAR, 1879--SOUTH AFRICA | ||
| 995 |
_D0.00 _FCBU-MAIN LIBRARY (Kitwe) _H1 _I0.00 _M1 _UAVAILABLE _WMay 21, 2009 _ZMain Library Open Access Collection |
||
| 999 |
_c51908 _d51908 |
||